00410nam a2200145Ia 4500003000400000005001700004008004100021040001800062041000800080100005000088110002400138245004400162260002000206710003800226OSt20260311094848.0211028s2013 xx 000 0 und d cAIMIT LIBRARY aeng aMustafa, K Moosa; Castelino, Melissa.g101719 aDella Pradeep Jacob aStudent management and grading system / aMangalorec2013 aNational Institute of Oceangraphy